Manual de teoría del estado y del gobierno (Registro nro. 7106)
[ vista simple ]
| 000 -LEADER | |
|---|---|
| fixed length control field | 01231 a2200265 4500 |
| 001 - CONTROL NUMBER | |
| control field | 60677 |
| 005 - DATE AND TIME OF LATEST TRANSACTION | |
| control field | 20260407155858.0 |
| 008 - FIXED-LENGTH DATA ELEMENTS--GENERAL INFORMATION | |
| fixed length control field | 260407a1999 arg spa d |
| 003 - CONTROL NUMBER IDENTIFIER | |
| control field | AR-UNSa-BCEJYS |
| 040 ## - CATALOGING SOURCE | |
| Original cataloging agency | AR-UNSa-BCEJYS |
| Language of cataloging | spa |
| Transcribing agency | AR-UNSa-BCEJYS |
| 080 ## - UNIVERSAL DECIMAL CLASSIFICATION NUMBER | |
| Universal Decimal Classification number | 340.12 |
| Common auxiliary subdivision | Tendencias en la teoría del derecho. Escuelas, doctrinas jurídicas. Filosofía del derecho. Teorías sobre el Estado y el derecho<br/> |
| 020 ## - INTERNATIONAL STANDARD BOOK NUMBER | |
| International Standard Book Number | 978-950-577-184-4 |
| 041 ## - LANGUAGE CODE | |
| Language code of text/sound track or separate title | spa |
| 100 1# - MAIN ENTRY--PERSONAL NAME | |
| Personal name | Dalla Via, Alberto Ricardo |
| 245 10 - TITLE STATEMENT | |
| Title | Manual de teoría del estado y del gobierno |
| 264 #1 - PRODUCTION, PUBLICATION, DISTRIBUTION, MANUFACTURE, AND COPYRIGHT NOTICE | |
| Place of production, publication, distribution, manufacture | Buenos Aires : |
| Name of producer, publisher, distributor, manufacturer | Editorial de Belgrano |
| Date of production, publication, distribution, manufacture, or copyright notice | 1999 |
| 300 ## - PHYSICAL DESCRIPTION | |
| Extent | 307 p. |
| Dimensions | 23 cm. |
| 505 ## - FORMATTED CONTENTS NOTE | |
| Formatted contents note | 1. La teoría del estado. Objeto y método - 2. El estado – 3. La obligación política – 4. Democracia y estado – 5. Estado y gobierno – 6. Teoría de la constitución y del derecho constitucional – 7. Economía y estado – 8. El nuevo estado – 9. El estado en las ideas políticas |
| 590 ## - LOCAL NOTE (RLIN) | |
| Local note | niveau_biblio:m niveau_hierar:0 |
| 700 1# - ADDED ENTRY--PERSONAL NAME | |
| Personal name | Graña, Eduardo |
| 700 1# - ADDED ENTRY--PERSONAL NAME | |
| Personal name | Sisinni, Nicolás |
| 700 1# - ADDED ENTRY--PERSONAL NAME | |
| Personal name | Basterra, Marcela I. |
| 856 41 - ELECTRONIC LOCATION AND ACCESS | |
| Uniform Resource Identifier | <a href="https://www.biblioeco.unsa.edu.ar/pmb/images/libros/L129301.jpg">https://www.biblioeco.unsa.edu.ar/pmb/images/libros/L129301.jpg</a> |
| Link text | Imagen de portada |
| Electronic format type | image/jpeg |
| 942 ## - ADDED ENTRY ELEMENTS (KOHA) | |
| Koha item type | |
| Withdrawn status | Lost status | Damaged status | Not for loan | Home library | Current library | Shelving location | Date acquired | Total checkouts | Full call number | Barcode | Date last seen | Price effective from | Koha item type | Public note |
|---|---|---|---|---|---|---|---|---|---|---|---|---|---|---|
| Biblioteca Prof. Eusebio Cleto del Rey | Biblioteca Prof. Eusebio Cleto del Rey | 07/04/2026 | 340.12 M294 | L129301 | 07/04/2026 | 07/04/2026 | Libro | RESALTADOR - LÁPIZ - LAPICERA - |